| 000 -LEADER | |
|---|---|
| fixed length control field | 00520nam a22001817a 4500 |
| 005 - DATE AND TIME OF LATEST TRANSACTION | |
| control field | 20241001121551.0 |
| 008 - FIXED-LENGTH DATA ELEMENTS--GENERAL INFORMATION | |
| fixed length control field | 240930b |||||||| |||| 00| 0 eng d |
| 020 ## - INTERNATIONAL STANDARD BOOK NUMBER | |
| ISBN | 978-93-6180-909-3 |
| 041 ## - LANGUAGE CODE | |
| Language code of text/sound track or separate title | eng |
| 082 ## - DEWEY DECIMAL CLASSIFICATION NUMBER | |
| Classification number | 615.7 |
| 100 ## - MAIN ENTRY--AUTHOR NAME | |
| Personal name | RATHINAVEL, DR. G AND S, DR. SELVAKUMAR & SRINIVASAN, DR. R. |
| 245 ## - TITLE STATEMENT | |
| Title | MIDICINAL CHEMISTRY - II : B.PHARMA, 5TH SEMESTER |
| 250 ## - EDITION STATEMENT | |
| Edition statement | 2ND ED. 2025 |
| 260 ## - PUBLICATION, DISTRIBUTION, ETC. (IMPRINT) | |
| Place of publication | LUCKNOW |
| Name of publisher | THAKUR PUBLICATION PVT.LTD. |
| 300 ## - PHYSICAL DESCRIPTION | |
| Number of Pages | 208;P |
| 650 ## - SUBJECT ADDED ENTRY--TOPICAL TERM | |
| Topical Term | PHARMACY |
| General subdivision | B.PHARMA |
| 942 ## - ADDED ENTRY ELEMENTS (KOHA) | |
| Koha item type | Books |
| Lost status | Damaged status | Collection code | Home library | Current library | Shelving location | Date acquired | Source of acquisition | Cost, normal purchase price | Full call number | Accession Number | Koha item type |
|---|---|---|---|---|---|---|---|---|---|---|---|
| PHARMACY | JRU Library | JRU Library | SHELF-4-D | 30/09/2024 | PURCHASE | 190.00 | 615.7 | 28615 | Books | ||
| PHARMACY | JRU Library | JRU Library | SHELF-18-B | 30/09/2024 | PURCHASE | 190.00 | 615.7 | 28616 | Books |